Statistics for 100 Meter Dash Champions

Click here to take the quiz!

General Stats

  • This quiz has been taken 741 times
  • The average score is 7 of 27

Answer Stats

YearAnswer% Correct
2008Usain Bolt
98%
1988Carl Lewis
83%
1984Carl Lewis
83%
1936Jesse Owens
57%
1992Linford Christie
48%
2000Maurice Greene
47%
1996Donovan Bailey
42%
2004Justin Gatlin
40%
1980Allan Wells
24%
1972Valeriy Borzov
16%
1968James Hines
15%
1924Harold Abrahams
13%
1964Bob Hayes
12%
1976Hasely Crawford
12%
1960Armin Hary
10%
1956Bobby Morrow
6%
1920Charles Paddock
6%
1948Harrison Dillard
6%
1928Percy Williams
6%
1896Thomas Burke
6%
1952Lindy Remigino
5%
1932Eddie Tolan
4%
1906Archie Hahn
3%
1904Archie Hahn
3%
1900Frank Jarvis
2%
1912Ralph Craig
2%
1908Reggie Walker
2%

Score Distribution

Percentile by Number Answered

Percent of People with Each Score

Your Score History

You have not taken this quiz